000 00359 a2200169 4500
001 73852
020 _a850601140x
040 _cAnchieta - Colégio São Paulo
100 _aGibson, Michael
240 1 0 _aOs Vikings
_lpor
245 1 0 _aOs Vikings
300 _a61
362 0 _a0
440 1 _aMelhoramentos
650 4 _aHistória do mundo
942 _cBK
999 _c73852
_d73852